000 01754cam a22004574i 4500
003 PE-LiUPU
005 20250731172921.0
008 150623s1987 miu r 000 0 eng d
020 _a0664240283
035 _a(Sirsi) i9780664240288
040 _aPE-LiUPU
_bspa
_cPE-LiUPU
_erda
049 _aPRUA
082 0 4 _a253.5
_bO21
_221
100 1 _aOates, Wayne Edward,
_eautor.
245 1 0 _aBehind the masks; personality disorders in religious behavior /
_cWayne Edward Oates.
264 1 _aLouisville, Kentucky :
_bThe Westminster press,
_c1987.
300 _a139 páginas ;
_c23 centímetros
336 _atext
_2rdacontent
337 _aunmediated
_2rdamedia
338 _avolume
_2rdacarrier
504 _aIncluye bibliografía.
505 0 _aThe mask of dependence -- The mask of the packaged personality -- The mask of self-assurance -- The mask of hostility and aggression -- The mask of passive aggression -- The mask of too many scruples -- The mask of detachment from life -- Persons on the edge of chaos -- After the masks are gone.
526 _aSEG42
526 _aSEG41
526 _aSEG40
526 _aSEG39
526 _aP94
526 _aP87
526 _aP86
526 _aP85
526 _aP77
526 _aP76
526 _aP35
650 0 4 _aPsicología pastoral.
942 _2ddc
_cBOOK
949 _a253.5 O21
_wDEWEY
_c1
_i43744
_lCCODEBUL1
_mBUL
_r0
_sY
_tBOOK
_u2015-6-24
_xTEOLOGIA
_PP35
_0COMPRA
_o.STAFF. Colección Teología
994 _aC0
_bPEPRU
596 _a1
999 _a253.5 O21
_wDEWEY
_c20145
_i43744
_f2021-11-10
_g6
_lCCODEBUL1
_mBUL
_p35.00
_r0
_sY
_tBOOK
_u2015-6-24
_xTEOLOGIA
_PP35
_0COMPRA
_o.STAFF. Colección Teología
_d20145
980 _81
_gALBERTO SANCHEZ Responsable de Automatización